Light and plant growth (Record no. 49265)

MARC details
000 -LEADER
fixed length control field 00743nam a2200217 a 4500
008 - FIXED-LENGTH DATA ELEMENTS--GENERAL INFORMATION
fixed length control field 120416s1988 ||||||||||||||||| || u
020 ## - INTERNATIONAL STANDARD BOOK NUMBER
International Standard Book Number 0045810222
050 ## - LIBRARY OF CONGRESS CALL NUMBER
Classification number QK 745 Har
100 ## - MAIN ENTRY--PERSONAL NAME
Personal name Hart, J. W. (James Watnell), 1940-
245 10 - TITLE STATEMENT
Title Light and plant growth
260 ## - PUBLICATION, DISTRIBUTION, ETC.
Place of publication, distribution, etc. London
Name of publisher, distributor, etc. Unwin Hyman
Date of publication, distribution, etc. 1988
300 ## - PHYSICAL DESCRIPTION
Extent xx, 204p. : ill.
350 ## - PRICE (NR) (BK AM CF MU VM SE) [OBSOLETE]
Price 0.00
490 ## - SERIES STATEMENT
Series statement Topics in plant physiology
490 ## - SERIES STATEMENT
Volume/sequential designation 1
500 ## - GENERAL NOTE
General note Includes bibliographical references and index.
650 ## - SUBJECT ADDED ENTRY--TOPICAL TERM
Topical term or geographic name entry element Plants--Effect of light on
650 ## - SUBJECT ADDED ENTRY--TOPICAL TERM
Topical term or geographic name entry element Plants--Photomorphogenesis
650 ## - SUBJECT ADDED ENTRY--TOPICAL TERM
Topical term or geographic name entry element PLANTS
995 ## - RECOMMENDATION 995 [LOCAL, UNIMARC FRANCE]
-- 0.00
-- CBU-MAIN LIBRARY (Kitwe)
-- 1
-- 30.00
-- 1
-- AVAILABLE
-- Main Library Open Access Collection
Holdings
Withdrawn status Lost status Source of classification or shelving scheme Damaged status Not for loan Home library Current library Shelving location Date acquired Total Checkouts Full call number Barcode Date last seen Price effective from Koha item type
          CBU-MAIN LIBRARY, KITWE. CBU-MAIN LIBRARY, KITWE.   11/30/2022   QK 745 Har 014684 11/30/2022 11/30/2022 MONOGRAPH